[Event "DEM U10 2020"]
[Site "Willingen GER"]
[Date "2020.10.30"]
[Round "5"]
[White "Besou, Hussain"]
[Black "Buchinger, Alexis"]
[Result "1-0"]
[Termination "normal"]
[Board "1"]
[WhiteElo "1825"]
[BlackElo "1496"]
[WhiteClock "00:32:28"]
[BlackClock "00:12:15"]
[PlyCount "89"]
[WhiteFideId "16269950"]
[BlackFideId "16287134"]
[EventCountry "GER"]
[EventRounds "7"]
[EventType "swiss"]
[EventDate "2020.10.26"]

1. e4 {[%clk 1:15:57]} d5 {[%clk 1:15:41]} 2. exd5 {[%clk 1:16:20]} Qxd5 {[%clk
1:16:03]} 3. Nc3 {[%clk 1:16:43]} Qa5 {[%clk 1:16:23]} 4. d4 {[%clk 1:17:03]}
Nf6 5. Nf3 {[%clk 1:15:23]} Bf5 {[%clk 1:16:56]} 6. Bc4 {[%clk 1:15:39]} e6
{[%clk 1:17:19]} 7. O-O {[%clk 1:15:52]} Nc6 {[%clk 1:16:14]} 8. Qe2 {[%clk
1:11:01]} O-O-O {[%clk 1:14:42]} 9. Be3 {[%clk 1:10:58]} Bb4 {[%clk 1:13:32]}
10. Nb5 {[%clk 1:10:22]} Nd5 {[%clk 1:05:39]} 11. c3 {[%clk 1:05:11]} Be7
{[%clk 1:03:34]} 12. b4 {[%clk 1:03:59]} Qb6 {[%clk 0:59:13]} 13. Bd2 {[%clk
1:01:41]} a6 {[%clk 0:58:35]} 14. Na3 {[%clk 1:02:06]} h6 {[%clk 0:54:05]} 15.
Bd3 {[%clk 1:02:03]} g5 {[%clk 0:53:08]} 16. Bxf5 {[%clk 1:02:20]} exf5 {[%clk
0:53:19]} 17. Nc4 {[%clk 1:02:45]} Qa7 {[%clk 0:53:17]} 18. Qd3 {[%clk
1:02:57]} f4 {[%clk 0:52:33]} 19. Qf5+ {[%clk 1:03:23]} Kb8 {[%clk 0:52:01]}
20. a4 {[%clk 1:00:44]} Bf6 {[%clk 0:50:17]} 21. b5 {[%clk 0:58:58]} Nce7
{[%clk 0:50:27]} 22. Qe4 {[%clk 0:59:18]} a5 {[%clk 0:50:05]} 23. Rfb1 {[%clk
0:55:24]} b6 {[%clk 0:49:33]} 24. Nfe5 {[%clk 0:55:35]} Bxe5 {[%clk 0:35:38]}
25. Nxe5 {[%clk 0:55:56]} f5 {[%clk 0:34:40]} 26. Qc2 {[%clk 0:56:20]} Nf6
{[%clk 0:34:38]} 27. Nf7 {[%clk 0:56:36]} Qb7 {[%clk 0:34:31]} 28. Nxd8 {[%clk
0:56:57]} Rxd8 {[%clk 0:34:55]} 29. Re1 {[%clk 0:57:08]} Ng6 {[%clk 0:35:01]}
30. f3 {[%clk 0:55:58]} Nh4 {[%clk 0:34:58]} 31. Bc1 {[%clk 0:39:28]} Rg8
{[%clk 0:25:49]} 32. Qf2 {[%clk 0:33:46]} Ka7 {[%clk 0:18:30]} 33. c4 {[%clk
0:29:58]} g4 {[%clk 0:16:41]} 34. Qxh4 {[%clk 0:30:07]} gxf3 {[%clk 0:16:53]}
35. Ra2 {[%clk 0:30:33]} Ng4 {[%clk 0:15:52]} 36. Bxf4 {[%clk 0:30:37]} fxg2
{[%clk 0:13:44]} 37. Qe7 {[%clk 0:30:06]} Nxh2 {[%clk 0:11:20]} 38. Bxh2 {[%clk
0:30:31]} Kb8 {[%clk 0:10:41]} 39. d5 {[%clk 0:30:48]} f4 {[%clk 0:10:54]} 40.
Bxf4 {[%clk 0:31:13]} Rg4 {[%clk 0:11:17]} 41. Qd8+ {[%clk 0:31:04]} Ka7 {[%clk
0:11:37]} 42. Qxc7 {[%clk 0:31:22]} Rxf4 {[%clk 0:12:03]} 43. Qxf4 {[%clk
0:31:45]} Qg7 {[%clk 0:12:21]} 44. d6 {[%clk 0:32:06]} Qc3 {[%clk 0:12:15]} 45.
Qf7+ {[%clk 0:32:28]} 1-0

[Event "DEM U10 2020"]
[Site "Willingen GER"]
[Date "2020.10.30"]
[Round "5"]
[White "Kullmann, Max"]
[Black "Kullmann, Theo"]
[Result "1-0"]
[Termination "normal"]
[Board "6"]
[WhiteElo "1375"]
[BlackElo "1632"]
[WhiteClock "00:50:56"]
[BlackClock "00:08:02"]
[PlyCount "92"]
[WhiteFideId "16218574"]
[BlackFideId "16218582"]
[EventCountry "GER"]
[EventRounds "7"]
[EventType "swiss"]
[EventDate "2020.10.26"]

1. d4 {[%clk 1:15:57]} d5 {[%clk 1:15:54]} 2. c4 {[%clk 1:16:23]} e6 {[%clk
1:16:11]} 3. Nc3 {[%clk 1:16:36]} Nf6 {[%clk 1:16:26]} 4. Nf3 {[%clk 1:16:42]}
Nbd7 {[%clk 1:16:37]} 5. Bf4 {[%clk 1:16:40]} Be7 {[%clk 1:16:24]} 6. e3 {[%clk
1:16:41]} O-O {[%clk 1:16:24]} 7. Bd3 {[%clk 1:16:51]} dxc4 {[%clk 1:16:47]} 8.
Bxc4 {[%clk 1:17:06]} a6 {[%clk 1:15:59]} 9. O-O {[%clk 1:17:13]} b5 {[%clk
1:15:47]} 10. Bd3 {[%clk 1:17:12]} Bb7 {[%clk 1:15:25]} 11. Rc1 {[%clk
1:16:56]} Rc8 {[%clk 1:15:07]} 12. Be2 {[%clk 1:16:43]} Nb6 {[%clk 1:12:18]}
13. Ne5 {[%clk 1:15:16]} Bd6 {[%clk 1:04:15]} 14. Bf3 {[%clk 1:14:36]} Bxf3
{[%clk 0:51:39]} 15. Qxf3 {[%clk 1:14:38]} Bxe5 16. Bxe5 {[%clk 1:14:18]} Nfd7
{[%clk 0:47:18]} 17. Bf4 {[%clk 1:13:44]} Nc4 {[%clk 0:46:37]} 18. Rc2 {[%clk
1:13:04]} c5 {[%clk 0:43:25]} 19. b3 {[%clk 1:12:28]} Na3 {[%clk 0:41:13]} 20.
Rcc1 {[%clk 1:12:06]} cxd4 {[%clk 0:40:48]} 21. exd4 {[%clk 1:12:06]} b4 {[%clk
0:40:41]} 22. Ne4 {[%clk 1:10:54]} Qb6 {[%clk 0:39:10]} 23. Bd6 {[%clk
1:06:17]} Rfd8 {[%clk 0:37:07]} 24. Be7 {[%clk 1:05:27]} Re8 {[%clk 0:37:20]}
25. Nd6 {[%clk 1:05:39]} Qb8 {[%clk 0:31:44]} 26. Qxf7+ {[%clk 1:04:29]} Kh8
{[%clk 0:32:09]} 27. Rxc8 {[%clk 1:03:49]} Rxc8 {[%clk 0:32:37]} 28. Nxc8
{[%clk 1:04:02]} Qxc8 {[%clk 0:32:58]} 29. Qxe6 {[%clk 1:03:48]} Nb5 {[%clk
0:27:00]} 30. Bxb4 {[%clk 1:02:37]} Nxd4 {[%clk 0:25:01]} 31. Qd5 {[%clk
0:59:54]} Ne2+ {[%clk 0:23:50]} 32. Kh1 {[%clk 1:00:09]} Nf4 {[%clk 0:15:09]}
33. Qe4 {[%clk 0:59:33]} Ng6 {[%clk 0:14:50]} 34. Re1 {[%clk 0:59:34]} Nf6
{[%clk 0:14:59]} 35. Qe3 {[%clk 0:59:11]} Qb7 {[%clk 0:13:51]} 36. Bc3 {[%clk
0:58:01]} Nh4 {[%clk 0:11:13]} 37. Qg3 {[%clk 0:56:56]} Nf5 {[%clk 0:09:44]}
38. Qd3 {[%clk 0:54:26]} Nh6 {[%clk 0:07:47]} 39. Bxf6 {[%clk 0:52:41]} gxf6
{[%clk 0:07:37]} 40. Qd8+ {[%clk 0:52:26]} Ng8 {[%clk 0:07:57]} 41. Re8 {[%clk
0:51:40]} h5 {[%clk 0:06:54]} 42. Rxg8+ {[%clk 0:51:34]} Kh7 {[%clk 0:07:19]}
43. Rh8+ {[%clk 0:51:25]} Kg6 {[%clk 0:07:39]} 44. Qe8+ {[%clk 0:51:41]} Kg5
{[%clk 0:07:51]} 45. Rxh5+ {[%clk 0:51:46]} Kf4 {[%clk 0:07:49]} 46. Qa4+
{[%clk 0:50:56]} Qe4 {[%clk 0:08:02]} 1-0

[Event "DEM U10 2020"]
[Site "Willingen GER"]
[Date "2020.10.30"]
[Round "5"]
[White "Geist, Tim"]
[Black "Mandalka, Justus"]
[Result "1/2-1/2"]
[Termination "normal"]
[Board "14"]
[WhiteElo "1578"]
[BlackElo "1437"]
[WhiteClock "00:55:56"]
[BlackClock "00:45:00"]
[PlyCount "65"]
[WhiteFideId "34604324"]
[BlackFideId "16298144"]
[EventCountry "GER"]
[EventRounds "7"]
[EventType "swiss"]
[EventDate "2020.10.26"]

1. d4 {[%clk 1:15:50]} d5 {[%clk 1:15:56]} 2. Nf3 {[%clk 1:16:12]} e6 {[%clk
1:16:21]} 3. e3 {[%clk 1:16:25]} c5 {[%clk 1:16:42]} 4. b3 {[%clk 1:16:34]} Nc6
{[%clk 1:16:59]} 5. Bb2 {[%clk 1:16:45]} Nf6 {[%clk 1:17:11]} 6. Bd3 {[%clk
1:16:57]} Be7 {[%clk 1:17:30]} 7. O-O {[%clk 1:17:14]} O-O {[%clk 1:17:54]} 8.
Nbd2 {[%clk 1:17:28]} Qc7 {[%clk 1:17:49]} 9. a3 {[%clk 1:17:50]} b6 {[%clk
1:17:56]} 10. Ne5 {[%clk 1:18:00]} Nd7 {[%clk 1:17:52]} 11. f4 {[%clk 1:17:58]}
f5 {[%clk 1:18:14]} 12. Nxd7 {[%clk 1:17:49]} Qxd7 {[%clk 1:17:26]} 13. Nf3
{[%clk 1:17:54]} Bb7 {[%clk 1:17:15]} 14. Ne5 {[%clk 1:17:55]} Nxe5 {[%clk
1:16:16]} 15. fxe5 {[%clk 1:18:08]} b5 {[%clk 1:15:06]} 16. Qe2 {[%clk
1:17:52]} c4 {[%clk 1:13:40]} 17. Bxf5 {[%clk 1:16:03]} exf5 {[%clk 1:12:20]}
18. Rf3 {[%clk 1:13:41]} a5 {[%clk 1:11:10]} 19. a4 {[%clk 1:13:02]} Bc6 {[%clk
1:09:57]} 20. Rh3 {[%clk 1:12:26]} g6 {[%clk 1:09:42]} 21. Rg3 {[%clk 1:08:14]}
Kh8 {[%clk 1:06:42]} 22. e4 {[%clk 1:06:53]} fxe4 {[%clk 1:04:16]} 23. Qe3
{[%clk 1:06:40]} Rg8 {[%clk 1:02:26]} 24. Bc1 {[%clk 1:03:02]} cxb3 {[%clk
0:59:34]} 25. cxb3 {[%clk 1:02:27]} bxa4 {[%clk 0:59:59]} 26. bxa4 {[%clk
1:02:32]} Bxa4 {[%clk 1:00:14]} 27. e6 {[%clk 1:01:59]} Qc6 {[%clk 0:59:20]}
28. Bb2 {[%clk 1:01:34]} Bb5 {[%clk 0:58:25]} 29. Qxe4 {[%clk 1:00:15]} Bf6
{[%clk 0:55:30]} 30. Qe3 {[%clk 0:58:46]} Rge8 {[%clk 0:53:40]} 31. Rxg6 {[%clk
0:57:29]} Qc2 {[%clk 0:45:09]} 32. Rxf6 {[%clk 0:56:40]} Qxb2 {[%clk 0:45:00]}
33. Rf8+ {[%clk 0:55:56]} 1/2-1/2

[Event "DEM U10 2020"]
[Site "Willingen GER"]
[Date "2020.10.30"]
[Round "5"]
[White "Herrmann, Arthur"]
[Black "Zimmer, Tim"]
[Result "1-0"]
[Termination "normal"]
[Board "15"]
[WhiteElo "1151"]
[BlackElo "1025"]
[WhiteClock "00:15:08"]
[BlackClock "00:14:42"]
[PlyCount "91"]
[WhiteFideId "16287150"]
[BlackFideId "34603115"]
[EventCountry "GER"]
[EventRounds "7"]
[EventType "swiss"]
[EventDate "2020.10.26"]

1. e4 {[%clk 1:15:58]} e5 {[%clk 1:15:47]} 2. Nf3 {[%clk 1:16:23]} Nc6 {[%clk
1:15:57]} 3. Bb5 {[%clk 1:16:45]} a6 {[%clk 1:15:56]} 4. Ba4 {[%clk 1:17:05]}
Nf6 {[%clk 1:15:54]} 5. O-O {[%clk 1:17:19]} Be7 {[%clk 1:16:09]} 6. Re1 {[%clk
1:17:39]} b5 {[%clk 1:16:11]} 7. Bb3 {[%clk 1:18:01]} d6 {[%clk 1:15:57]} 8. h3
{[%clk 1:18:11]} Na5 {[%clk 1:16:05]} 9. c3 {[%clk 1:15:35]} Nxb3 {[%clk
1:14:00]} 10. Qxb3 {[%clk 1:14:23]} c5 {[%clk 1:13:39]} 11. d4 {[%clk 1:12:42]}
Qc7 {[%clk 1:12:58]} 12. Bg5 {[%clk 1:11:11]} O-O {[%clk 1:09:28]} 13. Nbd2
{[%clk 1:09:07]} Bd7 {[%clk 1:05:53]} 14. Rac1 {[%clk 1:05:31]} c4 {[%clk
1:03:46]} 15. Qc2 {[%clk 1:02:20]} Rfe8 {[%clk 0:47:12]} 16. dxe5 {[%clk
0:48:47]} dxe5 {[%clk 0:46:22]} 17. Rcd1 {[%clk 0:46:00]} Nh5 {[%clk 0:34:59]}
18. Be3 {[%clk 0:42:28]} g6 {[%clk 0:31:36]} 19. Nf1 {[%clk 0:34:28]} f5 {[%clk
0:31:01]} 20. exf5 {[%clk 0:31:14]} Bxf5 {[%clk 0:31:06]} 21. Qc1 {[%clk
0:30:50]} Bd3 22. Bg5 {[%clk 0:26:18]} Bd6 {[%clk 0:28:30]} 23. Ne3 e4 {[%clk
0:23:36]} 24. Nd4 {[%clk 0:25:34]} Bf4 {[%clk 0:23:17]} 25. Bxf4 {[%clk
0:23:50]} Qxf4 {[%clk 0:23:03]} 26. Nd5 {[%clk 0:22:24]} Qf7 {[%clk 0:20:54]}
27. Ne3 {[%clk 0:21:31]} Rf8 {[%clk 0:19:32]} 28. Ng4 {[%clk 0:20:05]} Qf4
{[%clk 0:17:00]} 29. Qxf4 {[%clk 0:16:55]} Rxf4 {[%clk 0:15:46]} 30. Ne6 {[%clk
0:16:42]} Ra7 {[%clk 0:15:46]} 31. Nxf4 {[%clk 0:15:58]} Nxf4 {[%clk 0:16:11]}
32. Nf6+ {[%clk 0:15:47]} Kg7 {[%clk 0:15:40]} 33. Nxe4 {[%clk 0:15:45]} Ne2+
{[%clk 0:15:39]} 34. Kh2 {[%clk 0:15:47]} Rf7 {[%clk 0:15:32]} 35. f3 {[%clk
0:15:08]} Bxe4 {[%clk 0:14:42]} 36. Rxe2 {[%clk 0:15:08]} Bd3 {[%clk 0:14:42]}
37. Re6 {[%clk 0:15:08]} Rf6 {[%clk 0:14:42]} 38. Rxf6 {[%clk 0:15:08]} Kxf6
{[%clk 0:14:42]} 39. Kg3 {[%clk 0:15:08]} a5 {[%clk 0:14:42]} 40. Kf4 {[%clk
0:15:08]} Ke6 {[%clk 0:14:42]} 41. a3 {[%clk 0:15:08]} Kd5 {[%clk 0:14:42]} 42.
Ke3 {[%clk 0:15:08]} Kc5 {[%clk 0:14:42]} 43. g4 {[%clk 0:15:08]} b4 {[%clk
0:14:42]} 44. axb4+ {[%clk 0:15:08]} axb4 {[%clk 0:14:42]} 45. cxb4+ {[%clk
0:15:08]} Kxb4 {[%clk 0:14:42]} 46. Rxd3 {[%clk 0:15:08]} 1-0

[Event "DEM U10 2020"]
[Site "Willingen GER"]
[Date "2020.10.30"]
[Round "5"]
[White "Pimenov, Danil"]
[Black "Sewerinow, Alexander"]
[Result "1-0"]
[Termination "normal"]
[Board "16"]
[WhiteElo "1235"]
[BlackElo "1202"]
[WhiteClock "00:59:48"]
[BlackClock "00:47:15"]
[PlyCount "91"]
[WhiteFideId "34600248"]
[BlackFideId "34604464"]
[EventCountry "GER"]
[EventRounds "7"]
[EventType "swiss"]
[EventDate "2020.10.26"]

1. e4 {[%clk 1:15:58]} c5 {[%clk 1:15:54]} 2. Nf3 {[%clk 1:16:25]} Nc6 {[%clk
1:16:18]} 3. d4 {[%clk 1:16:45]} cxd4 {[%clk 1:16:42]} 4. Nxd4 {[%clk 1:17:09]}
g6 {[%clk 1:17:02]} 5. Be3 {[%clk 1:17:23]} Bg7 {[%clk 1:17:28]} 6. Nc3 {[%clk
1:17:42]} Nf6 {[%clk 1:17:53]} 7. Bc4 {[%clk 1:17:57]} O-O {[%clk 1:18:14]} 8.
f3 {[%clk 1:18:14]} Qb6 {[%clk 1:17:18]} 9. Bb3 {[%clk 1:14:55]} Nxe4 {[%clk
1:12:29]} 10. Nd5 {[%clk 1:14:08]} Qa5+ {[%clk 1:07:43]} 11. c3 {[%clk
1:13:36]} e6 {[%clk 1:03:52]} 12. Nxc6 {[%clk 1:13:24]} bxc6 {[%clk 1:01:33]}
13. fxe4 {[%clk 1:12:33]} cxd5 {[%clk 1:01:34]} 14. exd5 {[%clk 1:12:43]} Bb7
{[%clk 0:59:07]} 15. dxe6 {[%clk 1:10:25]} dxe6 {[%clk 0:58:33]} 16. O-O {[%clk
1:09:20]} Rfd8 {[%clk 0:58:26]} 17. Qe2 {[%clk 1:08:48]} Rac8 {[%clk 0:58:10]}
18. Qf2 {[%clk 1:08:56]} Rf8 {[%clk 0:55:37]} 19. Bxa7 {[%clk 1:06:29]} Rc7
{[%clk 0:55:03]} 20. Bb6 {[%clk 1:06:41]} Qe5 {[%clk 0:54:49]} 21. Bxc7 {[%clk
1:06:36]} Qxc7 {[%clk 0:55:11]} 22. Rad1 {[%clk 1:06:25]} Ba6 {[%clk 0:53:19]}
23. Rfe1 {[%clk 1:06:23]} Be5 {[%clk 0:53:15]} 24. Qh4 {[%clk 1:04:27]} Bd6
{[%clk 0:51:47]} 25. Kh1 {[%clk 1:01:19]} Bb7 {[%clk 0:51:21]} 26. Rd3 {[%clk
0:59:08]} Be7 {[%clk 0:50:06]} 27. Qh6 {[%clk 0:57:52]} Rd8 {[%clk 0:46:27]}
28. Rh3 {[%clk 0:57:32]} Bf6 {[%clk 0:45:42]} 29. Qxh7+ {[%clk 0:57:30]} Kf8
{[%clk 0:45:03]} 30. Rxe6 {[%clk 0:56:08]} fxe6 {[%clk 0:44:00]} 31. Qxc7
{[%clk 0:56:12]} Bd5 {[%clk 0:44:04]} 32. Rh8+ {[%clk 0:56:24]} Bxh8 {[%clk
0:44:22]} 33. Qxd8+ {[%clk 0:56:47]} Kg7 {[%clk 0:44:49]} 34. Bxd5 {[%clk
0:56:43]} exd5 {[%clk 0:45:13]} 35. a4 {[%clk 0:56:56]} d4 {[%clk 0:45:33]} 36.
a5 dxc3 {[%clk 0:44:56]} 37. bxc3 {[%clk 0:57:26]} Kh7 {[%clk 0:45:13]} 38. a6
{[%clk 0:57:43]} Bxc3 {[%clk 0:45:40]} 39. Qc7+ {[%clk 0:58:05]} Kh6 {[%clk
0:46:03]} 40. Qxc3 {[%clk 0:58:28]} g5 {[%clk 0:46:28]} 41. a7 {[%clk 0:58:54]}
g4 {[%clk 0:46:52]} 42. a8=Q {[%clk 0:58:48]} g3 {[%clk 0:47:16]} 43. Qf6+
{[%clk 0:59:06]} Kh5 {[%clk 0:47:33]} 44. Qah8+ {[%clk 0:59:30]} Kg4 {[%clk
0:47:54]} 45. Qhg7+ {[%clk 0:59:48]} Kh5 {[%clk 0:47:15]} 46. Qfh6# 1-0

[Event "DEM U10 2020"]
[Site "Willingen GER"]
[Date "2020.10.30"]
[Round "5"]
[White "Radeke, Timothy"]
[Black "Krstovic, Marko"]
[Result "0-1"]
[Termination "normal"]
[Board "17"]
[WhiteElo "1143"]
[BlackElo "1443"]
[WhiteClock "00:45:48"]
[BlackClock "00:56:41"]
[PlyCount "52"]
[WhiteFideId "16289412"]
[BlackFideId "16278003"]
[EventCountry "GER"]
[EventRounds "7"]
[EventType "swiss"]
[EventDate "2020.10.26"]

1. d4 {[%clk 1:15:58]} Nf6 {[%clk 1:15:55]} 2. c4 {[%clk 1:16:23]} e6 {[%clk
1:16:21]} 3. Nf3 {[%clk 1:16:41]} Bb4+ {[%clk 1:16:47]} 4. Nbd2 {[%clk
1:17:00]} b6 {[%clk 1:17:09]} 5. a3 {[%clk 1:17:25]} Be7 {[%clk 1:17:31]} 6. e4
{[%clk 1:17:36]} Bb7 {[%clk 1:17:24]} 7. Qc2 {[%clk 1:17:26]} c5 {[%clk
1:17:46]} 8. Bd3 {[%clk 1:14:48]} cxd4 {[%clk 1:17:31]} 9. Nxd4 {[%clk
1:13:50]} e5 {[%clk 1:17:45]} 10. Nf5 {[%clk 1:11:42]} O-O {[%clk 1:17:05]} 11.
O-O {[%clk 1:10:40]} Nc6 {[%clk 1:17:14]} 12. Nf3 {[%clk 1:09:18]} d6 {[%clk
1:17:26]} 13. b4 {[%clk 1:07:17]} Rc8 {[%clk 1:15:27]} 14. Bg5 {[%clk 1:05:09]}
h6 {[%clk 1:12:49]} 15. Be3 {[%clk 1:04:10]} Nb8 {[%clk 1:06:36]} 16. Rad1
{[%clk 1:00:24]} Nbd7 {[%clk 1:04:51]} 17. Rfe1 {[%clk 0:59:20]} b5 {[%clk
1:04:07]} 18. Nxe7+ {[%clk 0:56:55]} Qxe7 {[%clk 1:04:26]} 19. c5 {[%clk
0:56:50]} dxc5 {[%clk 1:04:16]} 20. Bxc5 {[%clk 0:54:47]} Nxc5 {[%clk 1:04:33]}
21. bxc5 {[%clk 0:55:07]} Qxc5 {[%clk 1:04:13]} 22. Qb2 {[%clk 0:53:12]} Rfe8
{[%clk 1:03:43]} 23. Bxb5 {[%clk 0:52:12]} Bc6 {[%clk 0:59:44]} 24. Rc1 {[%clk
0:49:44]} Qxb5 {[%clk 0:59:26]} 25. Qa1 {[%clk 0:47:11]} Bxe4 {[%clk 0:56:40]}
26. Nxe5 {[%clk 0:45:48]} Rxc1 {[%clk 0:56:41]} 0-1

[Event "DEM U10 2020"]
[Site "Willingen GER"]
[Date "2020.10.30"]
[Round "5"]
[White "Meng, Yuxuan"]
[Black "Hellenbroich, Hanno"]
[Result "1-0"]
[Termination "normal"]
[Board "19"]
[WhiteElo "1515"]
[BlackElo "1291"]
[WhiteClock "00:53:00"]
[BlackClock "00:41:42"]
[PlyCount "66"]
[WhiteFideId "16258231"]
[BlackFideId "16270762"]
[EventCountry "GER"]
[EventRounds "7"]
[EventType "swiss"]
[EventDate "2020.10.26"]

1. e4 {[%clk 1:15:57]} c5 {[%clk 1:15:40]} 2. Nf3 {[%clk 1:16:23]} d6 {[%clk
1:15:44]} 3. d4 {[%clk 1:16:48]} cxd4 {[%clk 1:15:51]} 4. Nxd4 {[%clk 1:17:11]}
g6 {[%clk 1:16:03]} 5. Nc3 {[%clk 1:17:24]} Nf6 {[%clk 1:16:07]} 6. Be3 {[%clk
1:17:48]} Bg7 {[%clk 1:16:09]} 7. f3 {[%clk 1:18:10]} O-O {[%clk 1:16:21]} 8.
Qd2 {[%clk 1:18:35]} Nc6 {[%clk 1:16:41]} 9. O-O-O {[%clk 1:18:59]} Be6 {[%clk
1:17:02]} 10. Kb1 {[%clk 1:19:04]} Qc8 {[%clk 1:17:02]} 11. Bh6 {[%clk
1:16:55]} a6 {[%clk 1:13:48]} 12. Bxg7 {[%clk 1:15:46]} Kxg7 {[%clk 1:14:13]}
13. g4 {[%clk 1:15:29]} b5 {[%clk 1:12:24]} 14. h4 {[%clk 1:14:35]} b4 {[%clk
1:10:30]} 15. Nce2 {[%clk 1:13:44]} a5 {[%clk 1:10:09]} 16. h5 {[%clk 1:12:49]}
Ne5 {[%clk 0:59:45]} 17. hxg6 {[%clk 1:12:34]} fxg6 {[%clk 1:00:03]} 18. Qh6+
{[%clk 1:12:14]} Kh8 {[%clk 1:00:18]} 19. g5 {[%clk 1:12:14]} Nh5 {[%clk
0:59:32]} 20. Rxh5 {[%clk 1:12:30]} gxh5 {[%clk 0:59:52]} 21. Qxe6 {[%clk
1:12:29]} Qxe6 {[%clk 0:59:43]} 22. Nxe6 {[%clk 1:12:53]} Rxf3 {[%clk 0:59:58]}
23. N2d4 {[%clk 1:12:47]} Rg3 24. Nf5 {[%clk 1:09:38]} Rg1 {[%clk 0:57:17]} 25.
Kc1 {[%clk 1:00:41]} Nf3 {[%clk 0:57:11]} 26. Be2 {[%clk 0:58:49]} Rxd1+ {[%clk
0:51:31]} 27. Kxd1 {[%clk 0:57:58]} Ne5 {[%clk 0:51:52]} 28. Bxh5 {[%clk
0:57:09]} Ng6 {[%clk 0:51:09]} 29. Bxg6 {[%clk 0:55:38]} hxg6 {[%clk 0:51:04]}
30. Nxe7 {[%clk 0:55:17]} Kh7 {[%clk 0:44:32]} 31. Nc6 {[%clk 0:53:07]} Re8
{[%clk 0:44:49]} 32. Ncd8 {[%clk 0:53:18]} Re7 {[%clk 0:42:56]} 33. Kd2 {[%clk
0:53:00]} Rd7 {[%clk 0:41:42]} 1-0